[Event "Druga liga CS Istok 2016"]
[Site "Kragujevac"]
[Date "2016.10.07"]
[Round "7.1"]
[White "RADOSAVLJEVIC, Slobodan D"]
[Black "BULATOVIC, Nikola   *"]
[Result "1-0"]
[WhiteElo "2195"]
[BlackElo "2101"]
[PlyCount "71"]
[EventDate "2016.08.26"]

1. Nf3 e6 2. g3 b6 3. Bg2 Bb7 4. O-O c5 5. c4 Nf6 6. Nc3 a6 7. d3 Be7 8. e4 d6
9. Ne1 Qc7 10. f4 Nc6 11. Nc2 O-O 12. g4 Nd4 13. g5 Nd7 14. Be3 b5 15. Nxd4
cxd4 16. Bxd4 e5 17. Be3 exf4 18. Bxf4 bxc4 19. dxc4 Bxg5 20. Bxg5 Qc5+ 21. Kh1
Qxg5 22. Qxd6 Rad8 23. Rf5 Qg6 24. Rd1 Qxd6 25. Rxd6 g6 26. Ra5 Nb8 27. e5
Bxg2+ 28. Kxg2 Rc8 29. b3 Nc6 30. Rc5 Nb4 31. Rxc8 Rxc8 32. a3 Nc2 33. Rxa6 Rb8
34. Nb5 Re8 35. c5 Rxe5 36. c6 1-0

[Event "Druga liga CS Istok 2016"]
[Site "Kragujevac"]
[Date "2016.10.07"]
[Round "7.1"]
[White "DIMITRIJEVIC, Zoran"]
[Black "SPASOJEVIC, Zoran M"]
[Result "0-1"]
[WhiteElo "2113"]
[BlackElo "2229"]
[PlyCount "102"]
[EventDate "2016.08.26"]

1. d4 Nf6 2. Nf3 c5 3. e3 g6 4. Be2 Bg7 5. c4 O-O 6. Nc3 b6 7. O-O d6 8. Re1 e6
9. Rb1 Bb7 10. b4 Ne4 11. Bd2 Nd7 12. Qc2 Ndf6 13. h3 Rc8 14. bxc5 dxc5 15.
Red1 cxd4 16. Nxd4 Qe7 17. Be1 Nxc3 18. Qxc3 Ne4 19. Qb3 Nc5 20. Qa3 Be4 21.
Rbc1 Be5 22. Bb4 Bb8 23. f3 Ba8 24. Nb3 Qc7 25. f4 e5 26. Rf1 exf4 27. exf4
Rfe8 28. Rce1 Re3 29. Bd2 Rg3 30. Bf3 Bxf3 31. Rxf3 Rxf3 32. gxf3 Qd7 33. Re2
Nxb3 34. Qxb3 Qxh3 35. Qd3 Qg3+ 36. Rg2 Qh4 37. Qe4 Bd6 38. Be3 Qe7 39. Rd2
Rxc4 40. Qxe7 Bxe7 41. Rd7 Bc5 42. Bxc5 bxc5 43. Rxa7 Rxf4 44. Kg2 Rb4 45. Kg3
h5 46. Ra5 Rb2 47. a4 Ra2 48. Kf4 c4 49. Kg5 Kg7 50. Ra7 c3 51. f4 c2 0-1

[Event "Druga liga CS Istok 2016"]
[Site "Kragujevac"]
[Date "2016.10.07"]
[Round "7.1"]
[White "POPOVIC, Djordje D"]
[Black "BANJOVIC, Sasa"]
[Result "1/2-1/2"]
[WhiteElo "2286"]
[BlackElo "2180"]
[PlyCount "101"]
[EventDate "2016.08.26"]

1. d4 e6 2. c4 f5 3. g3 Nf6 4. Bg2 Be7 5. Nf3 d6 6. O-O O-O 7. Nc3 Ne4 8. Qc2
Nxc3 9. Qxc3 a5 10. Qc2 Nc6 11. e4 e5 12. dxe5 dxe5 13. c5 f4 14. Qc3 Bf6 15.
gxf4 exf4 16. e5 Bg5 17. h4 Bh6 18. Qc4+ Kh8 19. e6 Qe8 20. Re1 Qg6 21. Kh2 Qg4
22. Qe4 Ne7 23. Bf1 Ng6 24. Bd3 Bxe6 25. Qxe6 Qxf3 26. Qe2 Nxh4 27. Be4 Qxe2
28. Rxe2 c6 29. f3 Nf5 30. Rd2 Ng3 31. Bd3 Bg5 32. Bc4 Rad8 33. Kh3 h5 34. Bb3
Be7 35. Rxd8 Bxd8 36. Bd2 Ne2 37. Re1 Nd4 38. Bd1 b5 39. Re4 Bf6 40. Bxa5 g5
41. a4 bxa4 42. Bc3 Rd8 43. Bxa4 Kg7 44. Bxd4 Rxd4 45. Rxd4 Bxd4 46. b4 Bc3 47.
Bxc6 Bxb4 48. Be8 Kh6 49. c6 Bd6 50. Bf7 Bc7 51. Be8 1/2-1/2

[Event "Druga liga CS Istok 2016"]
[Site "Kragujevac"]
[Date "2016.10.07"]
[Round "7.1"]
[White "VUKASINOVIC, Sasa"]
[Black "IVANOVIC, Zoran M"]
[Result "1/2-1/2"]
[WhiteElo "2051"]
[BlackElo "2026"]
[PlyCount "133"]
[EventDate "2016.08.26"]

1. e4 Nf6 2. Nc3 d5 3. e5 Nfd7 4. e6 fxe6 5. d4 g6 6. h4 Nf6 7. h5 Bg7 8. Bd3
gxh5 9. Rxh5 Nbd7 10. Nh3 c5 11. Ng5 Nf8 12. Bf4 a6 13. Be5 c4 14. Bxh7 N8xh7
15. Rxh7 Kd7 16. Rxh8 Qxh8 17. Qe2 Qh1+ 18. Kd2 Qh6 19. Bf4 Nh5 20. Be3 Qg6 21.
Rh1 Nf6 22. g4 b6 23. Bf4 Ne8 24. Re1 Bxd4 25. Nxe6 Bxc3+ 26. bxc3 Qf7 27. Qe5
Bb7 28. g5 Nd6 29. g6 Qf5 30. g7 Rg8 31. Nf8+ Kc6 32. Qxf5 Nxf5 33. Re6+ Kb5
34. Bc7 Bc6 35. a4+ Kxa4 36. Rxc6 Nxg7 37. Nd7 Ne8 38. Be5 Rg2 39. Ke2 Ng7 40.
Rxb6 a5 41. Nc5+ Ka3 42. Rb5 a4 43. Bg3 Rg1 44. Rb4 Nf5 45. Bf4 Rg4 46. Bc1+
Ka2 47. Nxa4 Nd6 48. Nb6 e6 49. Nd7 Ne4 50. Bd2 Rg2 51. Be1 Rh2 52. Ne5 Rh7 53.
Nf3 Rh6 54. Rb6 Rf6 55. Nd4 e5 56. Rxf6 Nxf6 57. Nc6 Kb2 58. Nxe5 Kxc2 59. f3
Ne8 60. Ke3 Kd1 61. Bh4 Nd6 62. Be7 Nf5+ 63. Kf4 Nxe7 64. Ke3 Nf5+ 65. Kf4 Ne7
66. Ke3 Nf5+ 67. Kf4 1/2-1/2

[Event "Druga liga CS Istok 2016"]
[Site "Kragujevac"]
[Date "2016.10.07"]
[Round "7.1"]
[White "BLAGOJEVIC, Vladan"]
[Black "DJORDJEVIC, Miroslav"]
[Result "1/2-1/2"]
[WhiteElo "2112"]
[BlackElo "1963"]
[PlyCount "79"]
[EventDate "2016.08.26"]

1. Nf3 d5 2. d4 Nf6 3. g3 c6 4. Bg2 e6 5. O-O Bd6 6. Nbd2 Nbd7 7. Re1 O-O 8. e4
dxe4 9. Nxe4 Nxe4 10. Rxe4 Nf6 11. Re1 Re8 12. b3 Bb4 13. Bd2 Qa5 14. a3 Bxd2
15. Qxd2 Qxd2 16. Nxd2 Rd8 17. Nf3 Bd7 18. a4 a5 19. Rac1 Rac8 20. Ne5 Be8 21.
c3 b5 22. Nd3 b4 23. cxb4 Rxd4 24. Ne5 Rxb4 25. Bxc6 Rxb3 26. Bxe8 Rxe8 27. Rc7
Rb4 28. Nxf7 Nd5 29. Ra7 Re7 30. Rxe7 Nxe7 31. Ng5 Rxa4 32. Rxe6 h6 33. Rxe7
hxg5 34. h3 g4 35. hxg4 Rxg4 36. Ra7 Ra4 37. Kg2 Ra1 38. f4 a4 39. Kh3 a3 40.
Kg4 1/2-1/2

[Event "Druga liga CS Istok 2016"]
[Site "Kragujevac"]
[Date "2016.10.07"]
[Round "7.1"]
[White "RADISAVLJEVIC, Dalibor   **"]
[Black "VESELINOV, Ivica"]
[Result "1-0"]
[WhiteElo "1685"]
[BlackElo "1940"]
[PlyCount "63"]
[EventDate "2016.08.26"]

1. e4 d5 2. e5 Bf5 3. d4 e6 4. Bd3 Ne7 5. Ne2 c5 6. c3 Nbc6 7. Be3 c4 8. Bxf5
Nxf5 9. Nd2 Be7 10. Ng3 Nxe3 11. fxe3 Bh4 12. Qf3 O-O 13. O-O Bg5 14. Nh5 Ne7
15. Rae1 Nf5 16. Nf4 b5 17. e4 Nh4 18. Qg4 Ng6 19. Nxg6 Bxd2 20. Nxf8 Bxe1 21.
Nxe6 fxe6 22. Qxe6+ Kh8 23. Rxe1 Qh4 24. Rf1 Qxe4 25. Qf7 Qe3+ 26. Kh1 h6 27.
e6 Qe2 28. h3 Kh7 29. e7 Re8 30. Qf5+ Kh8 31. Qf8+ Kh7 32. Rf7 1-0

[Event "Druga liga CS Istok 2016"]
[Site "Kragujevac"]
[Date "2016.10.07"]
[Round "7.2"]
[White "PAVLOVIC, Goran"]
[Black "ZIVKOVIC, Marko"]
[Result "1/2-1/2"]
[WhiteElo "2359"]
[BlackElo "2216"]
[PlyCount "48"]
[EventDate "2016.08.26"]

1. d4 Nf6 2. Nf3 g6 3. c4 Bg7 4. Nc3 O-O 5. e4 d6 6. h3 e5 7. d5 Na6 8. Bg5 h6
9. Be3 Nc5 10. Nd2 a5 11. Be2 Nh7 12. h4 f5 13. h5 f4 14. Bxc5 dxc5 15. hxg6
Ng5 16. Bh5 Ra6 17. Qe2 a4 18. Nf3 Bd7 19. O-O-O Nxf3 20. Qxf3 Qg5 21. Kb1 Rb8
22. Rd2 Bf8 23. Rc1 Kg7 24. Ka1 Be7 1/2-1/2

[Event "Druga liga CS Istok 2016"]
[Site "Kragujevac"]
[Date "2016.10.07"]
[Round "7.2"]
[White "LIVAJA, Mario"]
[Black "DINEV, Dejan"]
[Result "1-0"]
[WhiteElo "2218"]
[BlackElo "2292"]
[PlyCount "91"]
[EventDate "2016.08.26"]

1. d4 d5 2. c4 e6 3. Nc3 Nf6 4. Nf3 Bd6 5. g3 O-O 6. Bg2 c6 7. Qd3 Nbd7 8. O-O
Re8 9. Rd1 Qe7 10. b3 e5 11. dxe5 Nxe5 12. Nxe5 Bxe5 13. cxd5 Nxd5 14. Bxd5
Bxc3 15. Qxc3 cxd5 16. Be3 Be6 17. Rac1 b6 18. Qe5 f6 19. Qd4 Rad8 20. h4 h5
21. Qf4 Rd7 22. Rd2 Bg4 23. Bd4 Qa3 24. Rcc2 Qe7 25. f3 Be6 26. Rc6 Bf7 27. Kf2
Bg6 28. g4 hxg4 29. Qxg4 Kh7 30. h5 Bf7 31. Rdc2 Be6 32. Qg6+ Kg8 33. Bxf6 Qf7
34. Bd4 Bf5 35. Qxf7+ Kxf7 36. Rc1 Rh8 37. Rg1 Rh7 38. Rg5 Bb1 39. a4 Ba2 40.
Rc3 Ke6 41. Rc6+ Kf7 42. Rf5+ Ke7 43. Bb2 Ke8 44. Ba3 Rf7 45. Re6+ Kd7 46. Rd6+
1-0

[Event "Druga liga CS Istok 2016"]
[Site "Kragujevac"]
[Date "2016.10.07"]
[Round "7.2"]
[White "DJOKIC, Nebojsa"]
[Black "ZIVIC, Dragan"]
[Result "1-0"]
[WhiteElo "2231"]
[BlackElo "2204"]
[PlyCount "43"]
[EventDate "2016.08.26"]

1. e4 c5 2. Nf3 e6 3. d4 cxd4 4. Nxd4 a6 5. Nc3 Qc7 6. Bd3 Nf6 7. O-O Nc6 8.
Nxc6 bxc6 9. f4 d5 10. Kh1 Be7 11. Qe2 g6 12. b3 h5 13. Bb2 Kf8 14. Rae1 Rh7
15. Na4 c5 16. Be5 Qa5 17. f5 exf5 18. exf5 g5 19. Bf4 Qd8 20. Bxg5 c4 21. bxc4
Bb7 22. Nb6 1-0

[Event "Druga liga CS Istok 2016"]
[Site "Kragujevac"]
[Date "2016.10.07"]
[Round "7.2"]
[White "DJORDJEVIC, Dejan N"]
[Black "MADJAR, Stanislav"]
[Result "1/2-1/2"]
[WhiteElo "2162"]
[BlackElo "2189"]
[PlyCount "79"]
[EventDate "2016.08.26"]

1. e4 Nf6 2. e5 Nd5 3. d4 d6 4. Nf3 dxe5 5. Nxe5 c6 6. c4 Nb4 7. Be3 Bf5 8. Nd3
Bxd3 9. Bxd3 Nxd3+ 10. Qxd3 e6 11. O-O Be7 12. Nc3 O-O 13. Rfd1 Bf6 14. d5 exd5
15. cxd5 Bxc3 16. Qxc3 cxd5 17. Qb3 Qc7 18. Rxd5 Nc6 19. Rc1 Rfe8 20. h3 Re7
21. Qd1 Qc8 22. b4 Qe8 23. Qd2 a6 24. a4 Re5 25. Rd6 h6 26. Rc4 Re6 27. Rd5 Re4
28. Rxe4 Qxe4 29. Rd7 b5 30. Qa2 Ne5 31. Rd4 Qc6 32. Rd5 Nc4 33. Rc5 Qe8 34.
Bd4 Rd8 35. axb5 axb5 36. Bc3 Rd1+ 37. Kh2 Qb8+ 38. g3 Qb7 39. g4 Qb8+ 40. Kg2
1/2-1/2

[Event "Druga liga CS Istok 2016"]
[Site "Kragujevac"]
[Date "2016.10.07"]
[Round "7.2"]
[White "ILIC, Aleksandar"]
[Black "OSTOJIC, Milos R"]
[Result "0-1"]
[WhiteElo "2156"]
[BlackElo "2067"]
[PlyCount "92"]
[EventDate "2016.08.26"]

1. e4 c6 2. c4 d5 3. cxd5 cxd5 4. exd5 Nf6 5. Qa4+ Nbd7 6. Nc3 g6 7. Nf3 Bg7 8.
Ne5 O-O 9. Nxd7 Nxd7 10. Be2 Nb6 11. Qb3 Qd6 12. O-O Rd8 13. Nb5 Qb8 14. Bf3
Bf5 15. d3 Nd7 16. Be4 a6 17. Nc3 Nc5 18. Qc2 Qd6 19. Be3 Rac8 20. Bxc5 Rxc5
21. Qb3 e6 22. Bxf5 exf5 23. Rfd1 Bd4 24. Rd2 b5 25. a4 Qf4 26. Qd1 b4 27. g3
Qg5 28. Ne2 Rcxd5 29. Nxd4 Rxd4 30. Rc1 f4 31. b3 f3 32. Rc4 Qf5 33. Rxd4 Rxd4
34. h3 h5 35. Qe1 Qd5 36. Qe3 Qxb3 37. Qxf3 Qxa4 38. Qf6 b3 39. Kg2 Qd7 40. Re2
Rd6 41. Qa1 Qc6+ 42. Kh2 Rxd3 43. Qb1 Qc3 44. Qh1 Rf3 45. Qd1 Rd3 46. Rd2 Rxd2
0-1

[Event "Druga liga CS Istok 2016"]
[Site "Kragujevac"]
[Date "2016.10.07"]
[Round "7.2"]
[White "KRSTIC, Zoran"]
[Black "DJUKIC, Slobodan D"]
[Result "0-1"]
[WhiteElo "1945"]
[BlackElo "2151"]
[PlyCount "132"]
[EventDate "2016.08.26"]

1. d4 Nf6 2. c4 g6 3. Nf3 Bg7 4. Nc3 O-O 5. e4 d6 6. h3 e5 7. dxe5 dxe5 8. Qxd8
Rxd8 9. Bg5 Re8 10. Bxf6 Bxf6 11. Nd5 Bd8 12. O-O-O c6 13. Ne3 Bc7 14. Bd3 Nd7
15. g4 Nc5 16. Bc2 a5 17. g5 Be6 18. Ng4 Bxg4 19. hxg4 Rad8 20. Rdf1 Ne6 21.
Rh2 Kg7 22. Rfh1 Rh8 23. a3 Nd4 24. Rh3 Nxf3 25. Rxf3 Rd4 26. Rd1 Bd8 27. Rxd4
exd4 28. Rb3 Bxg5+ 29. Kd1 Rb8 30. Rd3 Rd8 31. a4 Kf6 32. Rh3 h6 33. Rb3 Rd7
34. Rh3 Ke5 35. Ke2 f6 36. Kd3 b6 37. Bd1 Rb7 38. Bc2 b5 39. cxb5 cxb5 40. Rh1
bxa4 41. Ra1 Rxb2 42. Rxa4 Rxc2 43. Kxc2 Kxe4 44. Kd1 Kf3 45. Rxd4 Kxf2 46. Ra4
Kf3 47. Ke1 Bf4 48. Rxa5 Kxg4 49. Ra6 Be5 50. Kf2 h5 51. Ra4+ Kf5 52. Rh4 Kg5
53. Rh1 h4 54. Kf3 f5 55. Rh3 Kh5 56. Rh1 g5 57. Rb1 g4+ 58. Kg2 h3+ 59. Kg1 g3
60. Rd1 Kg4 61. Kh1 f4 62. Re1 Bd4 63. Rd1 g2+ 64. Kh2 g1=Q+ 65. Rxg1+ Bxg1+
66. Kxg1 Kf3 0-1

[Event "Druga liga CS Istok 2016"]
[Site "Kragujevac"]
[Date "2016.10.07"]
[Round "7.2"]
[White "PETROVIC, Tamara   **"]
[Black "NIKOLIC, Mila   *"]
[Result "0-1"]
[WhiteElo "1912"]
[BlackElo "1930"]
[PlyCount "120"]
[EventDate "2016.08.26"]

1. e4 Nf6 2. e5 Nd5 3. c4 Nb6 4. Nf3 d6 5. d4 Bg4 6. exd6 exd6 7. Be3 Be7 8.
Bd3 Nc6 9. Nbd2 Bf6 10. Qb1 Nb4 11. Be2 O-O 12. a3 Nc6 13. Bd3 g6 14. O-O d5
15. c5 Nd7 16. b4 Ne7 17. Qb3 Re8 18. Rfe1 Nf8 19. Bf4 Ne6 20. Be5 Bxe5 21.
Rxe5 c6 22. h3 Bf5 23. Rae1 Qd7 24. Bf1 Ng7 25. Qe3 Be6 26. Qg5 Nef5 27. g4 h6
28. Qf4 g5 29. Qh2 Ne7 30. Bd3 f6 31. R5e2 Rad8 32. Qg3 Bf7 33. h4 Bg6 34. Bxg6
Nxg6 35. hxg5 hxg5 36. Nf1 Rxe2 37. Rxe2 Nf4 38. Re3 Re8 39. N3d2 Ne2+ 40. Rxe2
Rxe2 41. Qf3 Qe6 42. Qg3 Qe7 43. Qd3 Re1 44. Kg2 Qe2 45. Qg3 Rd1 46. Qb8+ Kh7
47. Qh2+ Kg6 48. Qg3 Rxd2 49. Nxd2 Qxd2 50. Qc7 Qxd4 51. Qxb7 Qxg4+ 52. Kf1
Qc4+ 53. Kg2 Qe4+ 54. Kf1 d4 55. b5 Qd3+ 56. Ke1 Qxb5 57. Qxb5 cxb5 58. c6 Ne6
59. Kd2 Kf5 60. Kd3 Ke5 0-1

[Event "Druga liga CS Istok 2016"]
[Site "Kragujevac"]
[Date "2016.10.07"]
[Round "7.2"]
[White "PETROVIC, Dusan   **"]
[Black "PETROVIC, Tijana   **"]
[Result "1-0"]
[WhiteElo "1798"]
[BlackElo "1811"]
[PlyCount "105"]
[EventDate "2016.08.26"]

1. e4 c5 2. Nf3 d6 3. Bb5+ Nd7 4. c4 Ngf6 5. Nc3 e5 6. d3 Be7 7. Bg5 O-O 8.
Bxd7 Bxd7 9. Bxf6 Bxf6 10. a4 Be7 11. Nd5 f5 12. Nxe7+ Qxe7 13. Nd2 Qg5 14. O-O
f4 15. f3 Rf6 16. Rf2 Rh6 17. Qe2 Rf8 18. Kh1 Qh4 19. h3 Rff6 20. a5 g5 21. Kg1
Rfg6 22. Kf1 g4 23. fxg4 Bxg4 24. Nf3 Bxf3 25. Rxf3 Rg3 26. Rxg3+ Qxg3 27. Rb1
Kf7 28. b4 f3 29. Qf2 Qh2 30. Rb2 Qh1+ 31. Qg1 fxg2+ 32. Rxg2 Qxh3 33. Ke2 Qh5+
34. Kd2 Rg6 35. bxc5 Rxg2+ 36. Qxg2 dxc5 37. Qf2+ Ke6 38. Qxc5 Qg5+ 39. Kc2 h5
40. Qxa7 Qg2+ 41. Kc3 Qe2 42. Qb6+ Kf7 43. Qxb7+ Kg6 44. a6 Qe1+ 45. Kc2 Qe2+
46. Kc3 Qe1+ 47. Kb3 Qd1+ 48. Kb4 Qxd3 49. Kc5 Qd4+ 50. Kb5 Qb2+ 51. Kc6 Qc3
52. Kc7 Qxc4+ 53. Qc6+ 1-0

[Event "Druga liga CS Istok 2016"]
[Site "Kragujevac"]
[Date "2016.10.07"]
[Round "7.3"]
[White "DINIC, Dragan"]
[Black "POPCHEV, Milko"]
[Result "0-1"]
[WhiteElo "2309"]
[BlackElo "2283"]
[PlyCount "74"]
[EventDate "2016.08.26"]

1. e4 g6 2. d4 Bg7 3. Nc3 c6 4. f4 d5 5. e5 h5 6. Nf3 Nh6 7. Bd3 Bf5 8. Ne2 e6
9. c3 Bf8 10. Ng3 Bxd3 11. Qxd3 Be7 12. Be3 Qb6 13. O-O Qb5 14. Qc2 a5 15. b3
Nd7 16. Kh1 h4 17. Ne2 Nf5 18. Bf2 a4 19. Kg1 Kf8 20. g4 hxg3 21. hxg3 Nh6 22.
Kg2 Kg7 23. Rh1 axb3 24. axb3 Rxa1 25. Rxa1 Ng4 26. Bg1 Qb6 27. c4 Qd8 28. cxd5
cxd5 29. Ra7 Qb6 30. Ra2 Nb8 31. Nc1 Nc6 32. Nd3 Qb5 33. Qc3 Rc8 34. Nf2 Ncxe5
35. Qxc8 Ne3+ 36. Kh1 Qf1 37. Ne1 Nf3 0-1

[Event "Druga liga CS Istok 2016"]
[Site "Kragujevac"]
[Date "2016.10.07"]
[Round "7.3"]
[White "RISTIC, Nebojsa B"]
[Black "PANIC, Milan"]
[Result "1/2-1/2"]
[WhiteElo "2315"]
[BlackElo "2288"]
[PlyCount "91"]
[EventDate "2016.08.26"]

1. d4 d5 2. c4 c6 3. Nf3 Nf6 4. Nc3 dxc4 5. a4 e6 6. e3 c5 7. Bxc4 Nc6 8. O-O
cxd4 9. exd4 Be7 10. Bf4 O-O 11. d5 exd5 12. Nxd5 Nxd5 13. Qxd5 Be6 14. Qxd8
Nxd8 15. Rac1 Bxc4 16. Rxc4 Ne6 17. Be3 Rac8 18. Rfc1 Rxc4 19. Rxc4 Rd8 20. Kf1
a6 21. Ke2 Bf6 22. b4 Kf8 23. Nd2 b5 24. Rc6 bxa4 25. Rxa6 Bc3 26. Rxa4 Rb8 27.
Ne4 Bxb4 28. g4 Be7 29. f4 Nc7 30. f5 Rb4 31. Rxb4 Bxb4 32. Kd3 f6 33. Kc4 Be7
34. Bb6 Ne8 35. Kd5 Kf7 36. Be3 g6 37. Bf4 Ng7 38. Ng3 Bb4 39. Ke4 Be1 40. Ne2
h5 41. h3 hxg4 42. hxg4 Bb4 43. Nd4 gxf5+ 44. gxf5 Ne8 45. Ne6 Bd6 46. Be3
1/2-1/2

[Event "Druga liga CS Istok 2016"]
[Site "Kragujevac"]
[Date "2016.10.07"]
[Round "7.3"]
[White "PAVLOVIC, Dean"]
[Black "DJORDJEVIC, Nebojsa"]
[Result "1/2-1/2"]
[WhiteElo "2263"]
[BlackElo "2299"]
[PlyCount "25"]
[EventDate "2016.08.26"]

1. c4 e6 2. b3 Nf6 3. Bb2 d5 4. Nf3 Be7 5. g3 O-O 6. Bg2 c5 7. O-O Nc6 8. cxd5
Nxd5 9. Qc2 b6 10. Nc3 Bb7 11. Nxd5 Qxd5 12. Qc4 Qxc4 13. bxc4 1/2-1/2

[Event "Druga liga CS Istok 2016"]
[Site "Kragujevac"]
[Date "2016.10.07"]
[Round "7.3"]
[White "KULAK, Dejan"]
[Black "DODIC, Dragan"]
[Result "0-1"]
[WhiteElo "2237"]
[BlackElo "2042"]
[PlyCount "76"]
[EventDate "2016.08.26"]

1. e4 c6 2. d4 d5 3. Nd2 dxe4 4. Nxe4 Bf5 5. Ng3 Bg6 6. h4 h6 7. h5 Bh7 8. Nf3
Nd7 9. Bd3 Bxd3 10. Qxd3 e6 11. Bf4 Qa5+ 12. Bd2 Bb4 13. c3 Be7 14. a3 Ngf6 15.
Ne4 Nxe4 16. Qxe4 Nf6 17. Qe2 Qf5 18. Ne5 Bd6 19. O-O-O Bxe5 20. dxe5 Nd7 21.
Be3 Qxe5 22. Qg4 Rg8 23. Rxd7 Kxd7 24. Rd1+ Ke8 25. Qb4 Qc7 26. Bf4 e5 27. Bxe5
Qxe5 28. Qxb7 Rb8 29. Qxc6+ Kf8 30. Rd5 Qe1+ 31. Rd1 Qe5 32. Rd5 Qf4+ 33. Kd1
g6 34. g3 Qg4+ 35. Kc1 Kg7 36. hxg6 Rge8 37. gxf7 Re1+ 38. Kc2 Qe4+ 0-1

[Event "Druga liga CS Istok 2016"]
[Site "Kragujevac"]
[Date "2016.10.07"]
[Round "7.3"]
[White "PETROVIC, Petar R   **"]
[Black "STANKOVIC, Dejan"]
[Result "1/2-1/2"]
[WhiteElo "1958"]
[BlackElo "2246"]
[PlyCount "71"]
[EventDate "2016.08.26"]

1. e4 e5 2. Bc4 Nf6 3. d3 Bc5 4. Nf3 d6 5. O-O O-O 6. c3 Bb6 7. Bg5 h6 8. Bh4
Be6 9. Nbd2 Nc6 10. Re1 Qe7 11. Bb3 a6 12. Nf1 Bxb3 13. Qxb3 g5 14. Bg3 Nd7 15.
Rad1 Nc5 16. Qc2 Ne6 17. Ne3 Bxe3 18. fxe3 Ng7 19. d4 Nh5 20. Rf1 Nf6 21. Rde1
Kg7 22. Nd2 Rae8 23. Qd1 Nd7 24. Qg4 Qe6 25. Qxe6 fxe6 26. h3 Kg6 27. Rxf8 Rxf8
28. Rf1 Re8 29. Kf2 Nf6 30. Ke2 Rd8 31. Bh2 h5 32. b4 h4 33. Kf3 Nd7 34. d5
exd5 35. exd5 Ne7 36. e4 1/2-1/2

[Event "Druga liga CS Istok 2016"]
[Site "Kragujevac"]
[Date "2016.10.07"]
[Round "7.3"]
[White "DJUKIC, Nebojsa"]
[Black "VELIKIC, Vule"]
[Result "1/2-1/2"]
[WhiteElo "2196"]
[BlackElo "1789"]
[PlyCount "112"]
[EventDate "2016.08.26"]

1. e4 c6 2. d4 d5 3. exd5 cxd5 4. Bd3 Nf6 5. c3 g6 6. Bf4 Bg7 7. Nf3 Nc6 8. h3
O-O 9. Nbd2 Re8 10. O-O Nh5 11. Bh2 Bh6 12. Re1 Nf4 13. Bxf4 Bxf4 14. Nf1 Be6
15. Ne3 h5 16. Qe2 Qd6 17. Nf1 Bd7 18. Ne5 Nxe5 19. dxe5 Qc6 20. e6 Bxe6 21.
Bxg6 fxg6 22. Qxe6+ Qxe6 23. Rxe6 Kf7 24. Rae1 Rad8 25. g3 Bh6 26. f4 Bg7 27.
Nd2 d4 28. Nf3 Bf6 29. cxd4 Bxd4+ 30. Kg2 Bf6 31. g4 hxg4 32. hxg4 Rd6 33. Rxd6
exd6 34. Rxe8 Kxe8 35. b3 a6 36. g5 Bc3 37. Nh4 Kf7 38. Kf3 d5 39. Ke3 Bb2 40.
Kd2 Bd4 41. Nf3 Bb2 42. Kc2 Ba1 43. Kd3 Ke6 44. Nh4 Kf7 45. f5 gxf5 46. Nxf5
Be5 47. Ke3 Ke6 48. Nd4+ Kf7 49. Nf3 Bg7 50. Kf4 Ke6 51. Ne1 Be5+ 52. Kg4 b6
53. Nd3 Bc3 54. g6 Bg7 55. Kg5 a5 56. a4 Bf8 1/2-1/2

[Event "Druga liga CS Istok 2016"]
[Site "Kragujevac"]
[Date "2016.10.07"]
[Round "7.3"]
[White "MILUTINOVIC, Bojan"]
[Black "BOZILOV, Dragan   *"]
[Result "0-1"]
[WhiteElo "1779"]
[BlackElo "2087"]
[PlyCount "54"]
[EventDate "2016.08.26"]

1. e4 e5 2. Nf3 Nc6 3. Bc4 Nf6 4. Ng5 d5 5. exd5 Na5 6. Bb5+ c6 7. dxc6 bxc6 8.
Be2 h6 9. Nf3 e4 10. Ne5 Qd4 11. f4 Bc5 12. Rf1 Qd6 13. c3 Bb6 14. d4 exd3 15.
Qxd3 Qc7 16. b4 Nb7 17. a4 a5 18. Ba3 O-O 19. bxa5 Nc5 20. Qc4 Rxa5 21. Bxc5
Bxc5 22. Qa2 Nd5 23. Nc4 Ra7 24. Qd2 Rd8 25. Qc1 Ba6 26. Nba3 Re8 27. Rf3 Bxa3
0-1

[Event "Druga liga CS Istok 2016"]
[Site "Kragujevac"]
[Date "2016.10.07"]
[Round "7.3"]
[White "DJORDJEVIC, Lazar   **"]
[Black "JANKOVIC, Milan   **"]
[Result "1-0"]
[WhiteElo "1959"]
[BlackElo "1668"]
[PlyCount "69"]
[EventDate "2016.08.26"]

1. d4 d5 2. c4 Nf6 3. Nc3 e6 4. Nf3 c6 5. e3 Qa5 6. Bd3 dxc4 7. Bxc4 Ne4 8. Qc2
Nxc3 9. bxc3 Nd7 10. O-O Be7 11. Bd3 e5 12. Bb2 h6 13. c4 exd4 14. exd4 O-O 15.
Rac1 Bf6 16. Bc3 Qc7 17. Rfe1 c5 18. d5 Bxc3 19. Qxc3 Nf6 20. Bc2 Qd6 21. Nh4
Bd7 22. Bf5 Rfe8 23. Bxd7 Qxd7 24. Qf3 Rxe1+ 25. Rxe1 Re8 26. Rd1 Re4 27. Nf5
Rxc4 28. Nxh6+ Kh7 29. Qd3+ Re4 30. f3 Kxh6 31. fxe4 Ng4 32. Qh3+ Kg6 33. Qf3
Ne5 34. Qg3+ Kf6 35. Rf1+ 1-0

[Event "Druga liga CS Istok 2016"]
[Site "Kragujevac"]
[Date "2016.10.07"]
[Round "7.5"]
[White "MINCIC, Srbislav"]
[Black "DMITROVIC, Tomislav"]
[Result "0-1"]
[WhiteElo "2205"]
[BlackElo "2258"]
[PlyCount "76"]
[EventDate "2016.08.26"]

1. e4 g6 2. d4 Bg7 3. Nf3 d6 4. Bc4 a6 5. a4 b6 6. O-O e6 7. Nc3 Ne7 8. Bf4 h6
9. Re1 Nd7 10. Qd2 Bb7 11. Rad1 g5 12. Be3 Ng6 13. d5 e5 14. Qe2 Nf6 15. Nd2
Bc8 16. Nf1 Nf4 17. Bxf4 gxf4 18. g3 Nh7 19. Qh5 Qg5 20. Be2 Nf6 21. Qxg5 hxg5
22. f3 g4 23. gxf4 exf4 24. e5 dxe5 25. d6 Bb7 26. fxg4 O-O-O 27. g5 Rdg8 28.
Kf2 Bf8 29. Bf3 Bxf3 30. Kxf3 Rxg5 31. dxc7 Rh3+ 32. Ng3 Bc5 33. Kg2 Rh7 34.
Rd8+ Kxc7 35. Red1 fxg3 36. hxg3 Bd4 37. Ra8 Kb7 38. Rd8 Ng4 0-1

[Event "Druga liga CS Istok 2016"]
[Site "Kragujevac"]
[Date "2016.10.07"]
[Round "7.5"]
[White "PETROV, Georgi"]
[Black "TRIFUNOVIC, Miroljub"]
[Result "0-1"]
[WhiteElo "2181"]
[BlackElo "2220"]
[PlyCount "72"]
[EventDate "2016.08.26"]

1. e4 c5 2. Nf3 e6 3. d4 cxd4 4. Nxd4 Nf6 5. Bd3 d6 6. O-O Be7 7. Nd2 a6 8. c4
b6 9. b3 Bb7 10. Bb2 Nbd7 11. Qe2 O-O 12. Rae1 g6 13. Bb1 Re8 14. Nc2 b5 15. f4
bxc4 16. Qxc4 Rc8 17. Qe2 Nc5 18. f5 exf5 19. exf5 Bf8 20. Qc4 Nce4 21. Nxe4
Rxe4 22. Rxe4 Rxc4 23. Rxc4 Ne4 24. fxg6 hxg6 25. Rb4 Qc7 26. Rc4 Qb8 27. Ne3
f5 28. Bxe4 Bxe4 29. Rd1 Qb7 30. Bd4 f4 31. Ng4 Bxg2 32. Nf6+ Kf7 33. Nh7 Be7
34. Bb2 g5 35. Rdc1 Kg6 36. Rc7 Qe4 0-1

[Event "Druga liga CS Istok 2016"]
[Site "Kragujevac"]
[Date "2016.10.07"]
[Round "7.5"]
[White "MAKSIMOVIC, Boban"]
[Black "STANOJEVIC, Ilija   **"]
[Result "1-0"]
[WhiteElo "2219"]
[BlackElo "2078"]
[PlyCount "89"]
[EventDate "2016.08.26"]

1. c4 e5 2. Nc3 Bb4 3. g3 Bxc3 4. bxc3 d6 5. Bg2 Ne7 6. Rb1 c6 7. Ba3 f5 8. d4
e4 9. f3 exf3 10. exf3 O-O 11. Nh3 Ng6 12. O-O Qc7 13. Qe2 h6 14. Rfe1 Bd7 15.
f4 Na6 16. Qh5 Rf6 17. Nf2 Rb8 18. Qf3 Qa5 19. Rb3 b5 20. Reb1 Re8 21. cxb5
cxb5 22. Nd3 Be6 23. d5 Bd7 24. Qf2 Qc7 25. Qd4 Rc8 26. Qe3 Rff8 27. Re1 Rfe8
28. Qf2 Rxe1+ 29. Qxe1 Nc5 30. Bxc5 dxc5 31. Rb2 c4 32. Ne5 Ne7 33. Rd2 Kf8 34.
Kh1 Qd6 35. Qb1 a5 36. Bf1 Rc5 37. Bg2 g6 38. Rd4 Rc8 39. a4 b4 40. Nxc4 Qc5
41. Qd3 bxc3 42. d6 Nc6 43. Rd5 c2 44. Qxc2 Qb4 45. Qc1 1-0

[Event "Druga liga CS Istok 2016"]
[Site "Kragujevac"]
[Date "2016.10.07"]
[Round "7.5"]
[White "DIMITRIJEVIC, Dusan"]
[Black "TOSIC, Nebojsa"]
[Result "1-0"]
[WhiteElo "2137"]
[BlackElo "2148"]
[PlyCount "87"]
[EventDate "2016.08.26"]

1. e4 c5 2. Nc3 a6 3. g3 b5 4. Bg2 Bb7 5. Nge2 e6 6. O-O g6 7. d4 b4 8. Na4 c4
9. d5 a5 10. Qd4 Qf6 11. e5 Qd8 12. dxe6 Bxg2 13. exf7+ Kxf7 14. Qxc4+ Kg7 15.
Kxg2 h6 16. Nf4 Ra6 17. Be3 Rc6 18. Qd3 Qe8 19. Ba7 Na6 20. Rad1 d6 21. exd6
Rxd6 22. Bd4+ Kh7 23. Qb3 Nf6 24. Rfe1 Qc6+ 25. Kg1 Rg8 26. Re6 Rg7 27. Rxf6
Rxf6 28. Bxf6 Qxf6 29. Qe6 Rf7 30. Rd7 Qxe6 31. Nxe6 Kg8 32. Rxf7 Kxf7 33. Nxf8
Kxf8 34. Kg2 Ke7 35. Kf3 Nc7 36. Ke4 Kd6 37. Nb6 Kc5 38. Nd7+ Kd6 39. Ne5 a4
40. Nxg6 Nb5 41. f4 a3 42. bxa3 Nxa3 43. Kd3 Kc5 44. c3 1-0